=LDR 00000nam 2200000 4500 =001 INLIS000000000809826 =008 ###################################ind## =035 ##$$a 0010-0825000319 =245 ##$$a Pencemaran Lingkungan / $c Tri Haryanto =260 ##$$b Cempaka Putih =020 ##$$a 9796623587 =084 ##$$a 363.7 NTO p =520 ##$$a Masalah-masalah lingkungan =082 ##$$a 363.7